Administering and supervising occupational education /

Bibliographic Details
Main Author: Finch, Curtis R., 1939-
Other Authors: McGough, Robert L.
Format: Book
Language:English
Published: Englewood Cliffs, N.J. : Prentice-Hall, [1982]
Subjects:

MARC

Tag First Indicator Second Indicator Subfields
LEADER 00000pam a2200000 a 4500
001 in00000086801
005 20151008062754.0
008 810806s1982 njua b 00110 eng
010 |a  81013782  
020 |a 0130048380 
035 |a (OCoLC)07733236 
035 |9 AAK0904AM 
039 0 |a 2  |b 3  |c 3  |d 3  |e 3 
040 |a DLC  |c DLC  |d TXA  |d UtOrBLW 
043 |a n-us--- 
049 |a TXAM  |c [985671] 
050 0 0 |a LC1047.82  |b  F56 
082 0 |a 379.1/552/0973  |2 19 
100 1 |a Finch, Curtis R.,  |d 1939- 
245 1 0 |a Administering and supervising occupational education /  |c Curtis R. Finch, Robert L. McGough. 
264 1 |a Englewood Cliffs, N.J. :  |b Prentice-Hall,  |c [1982] 
264 4 |c ©1982 
300 |a xv, 302 pages :  |b illustrations ;  |c 25 cm. 
336 |a text  |b txt  |2 rdacontent 
337 |a unmediated  |b n  |2 rdamedia 
338 |a volume  |b nc  |2 rdacarrier 
504 |a Includes bibliographies and index. 
650 0 |a Vocational education  |z United States  |x Administration. 
650 0 |a Professional education  |z United States. 
650 0 |a Career education  |z United States. 
700 1 |a McGough, Robert L. 
999 |a MARS 
999 f f |s 0f61e098-10f8-3816-8836-b7d1c3bd9db9  |i 984017b1-4ee5-310e-b01f-7028a66cf971  |t 0 
952 f f |p normal  |a Texas A&M University  |b College Station  |c Sterling C. Evans Library  |d Evans: Library Stacks  |t 0  |e LC1047.82 F56  |h Library of Congress classification  |i unmediated -- volume  |m A14805981444 
998 f f |a LC1047.82 F56  |t 0  |l Evans: Library Stacks